Prosas polémicas / (Registro nro. 13863)

Detalles MARC
000 -LEADER
fixed length control field 01349nam a2200349 a 4500
001 - CONTROL NUMBER
control field 000004479
003 - CONTROL NUMBER IDENTIFIER
control field DO-SdBNP
005 - DATE AND TIME OF LATEST TRANSACTION
control field 20211109123609.0
008 - FIXED-LENGTH DATA ELEMENTS--GENERAL INFORMATION
fixed length control field 090723s2008 dr 001 0 spa d
020 ## - INTERNATIONAL STANDARD BOOK NUMBER
International Standard Book Number 9789945020335 (v. I)
020 ## - INTERNATIONAL STANDARD BOOK NUMBER
International Standard Book Number 9789945020342 (v. 2)
020 ## - INTERNATIONAL STANDARD BOOK NUMBER
International Standard Book Number 9789945020359 (v. 3)
040 ## - CATALOGING SOURCE
Original cataloging agency DO-SdBNP
Language of cataloging spa
Transcribing agency BPMSU
082 ## - DEWEY DECIMAL CLASSIFICATION NUMBER
Classification number RD868.42
Item number M516p 2008
Edition number 22
100 1# - MAIN ENTRY--PERSONAL NAME
Personal name Mejía, Félix Evaristo,
Dates associated with a name 1866-1945
245 10 - TITLE STATEMENT
Title Prosas polémicas /
Statement of responsibility, etc. Félix Evaristo Mejía ; editor Andrés Blanco Díaz.
260 ## - PUBLICATION, DISTRIBUTION, ETC. (IMPRINT)
Place of publication, distribution, etc. Santo Domingo :
Name of publisher, distributor, etc. Archivo General de la Nación,
Date of publication, distribution, etc. 2008.
300 ## - PHYSICAL DESCRIPTION
Extent 3 v. ;
Dimensions 23 cm.
490 0# - SERIES STATEMENT
Series statement Archivo General de la Nación
Volume/sequential designation 51-53
500 ## - GENERAL NOTE
General note Incluye índice onomástico
504 ## - BIBLIOGRAPHY, ETC. NOTE
Bibliography, etc Incluye referencias bibliográficas y notas al pie de las páginas
505 2# - FORMATTED CONTENTS NOTE
Formatted contents note v.1. Primeros escritos, textos marginales, yanquilinarias -- v. 2. Temas educativos y discursos -- v. 3. Ensayos
600 14 - SUBJECT ADDED ENTRY--PERSONAL NAME
Personal name Mejía, Félix Evaristo
Dates associated with a name 1866-1945
Form subdivision Colecciones de escritos
650 #4 - SUBJECT ADDED ENTRY--TOPICAL TERM
Topical term or geographic name as entry element Literatura dominicana.
650 #4 - SUBJECT ADDED ENTRY--TOPICAL TERM
Topical term or geographic name as entry element Ensayos dominicanos
650 #4 - SUBJECT ADDED ENTRY--TOPICAL TERM
Topical term or geographic name as entry element Educación
Geographic subdivision República Dominicana
General subdivision Historia
651 #4 - SUBJECT ADDED ENTRY--GEOGRAPHIC NAME
Geographic name República Dominicana
General subdivision Historia
700 1# - ADDED ENTRY--PERSONAL NAME
Personal name Blanco Díaz, Andrés
Relator term ed.
710 2# - ADDED ENTRY--CORPORATE NAME
Corporate name or jurisdiction name as entry element Archivo General de la Nación (República Dominicana)
910 ## - USER-OPTION DATA (OCLC)
User-option data VMateo V.
942 ## - ADDED ENTRY ELEMENTS (KOHA)
Source of classification or shelving scheme Dewey Decimal Classification
Koha item type Libros
Existencias
Withdrawn status Lost status Source of classification or shelving scheme Damaged status Not for loan Collection code Home library Current library Date acquired Total Checkouts Full call number Barcode Date last seen Copy number Price effective from Koha item type
    Dewey Decimal Classification     Colección Dominicana Biblioteca Pública Metropolitana Salomé Ureña Biblioteca Pública Metropolitana Salomé Ureña 11/09/2021   BPMSU CD RD868.42 M516p 2008 BPMSU21110073 11/09/2021 v.2 11/09/2021 Libros
    Dewey Decimal Classification     Colección Dominicana Biblioteca Pública Metropolitana Salomé Ureña Biblioteca Pública Metropolitana Salomé Ureña 11/09/2021   BPMSU CD RD868.42 M516p 2008 BPM21110074 11/09/2021 v.2, e.2 11/09/2021 Libros